000 00312nam a22001337a 4500
008 171213b xxu||||| |||| 00| 0 eng d
020 _a2900393935539
041 _aeng
080 _23 ED
_a94
100 _a17
101 _aHIS
245 _aGIVE ME LBERTY AN AMERICAN HISTORY
_cFONER.E
942 _2udc
_cBK
999 _c38886
_d38886